000 00434nam a2200145 i 4500
001 60995
003 ES-MaACL
005 20230906164339.0
007 t|
008 031110s1971 sp ||||1| spa d
245 0 0 _aEstudios de literatura espaƱola ofrecidos a Marcos A. Morimigo
_b: Urbana : Illinois 14-15 de mayo 1970.
260 _aMadrid :
_bInsula,
_c1971.
300 _a185 p. ;
_c23 cm.
852 _aES-MaACL
_jC-44157
_bR.80869
999 _c60995
_d60995